000 01558nam a22002657a 4500
003 SEM
005 20260323170506.0
008 260316s2025 ai ||||gr||||||01|||arm|d
020 _a9789939593586
040 _aSEM
_cSEM
041 _aarm
082 _a281.62(09)/Հ-42
100 _aՀարությունյան, Ավետիս
_d(1962 -)
_q(Harutyunyan, Avetis)
245 _aՀայ գաղթականությունն առաջին աշխարհամարտի տարիներին և Հայ Առաքելական սուրբ եկեղեցին (1914-1917 թթ) /
_cԱ․ Հարությունյան ; Խմբ․՝ Լ․ Ավագյան ; Կաթողիկոսություն Ամենայն Հայոց
246 _aArmenian refugees during world war I and the Armenian Apostolic holy church (1914 -1917) /
247 _aАрмянские беженцы в годы первой мировой войны и Армянская Апостольская Святая Церковь (1914-1917) /
260 _aՍ․ Էջմիածին ։
_bՄայր Աթոռ Սուրբ Էջմիածնի հրատ․,
_c2025․
300 _a455 էջ ;
_c25 սմ
504 _aՕգտագործված սկզբնաղբյուրների և գրականության ցանկ ՝ էջ 436-454
650 _aՀայ եկեղեցու պատմություն
_xՀայոց պատմություն
_xԱռաջին աշխարհամարտ
653 _aՍԷՄ
700 _aԱվագյան, Լ․
_eխմբ․
_4edt.
710 _aԿաթողիկոսություն Ամենայն Հայոց
942 _2ddc
_cBK
_n0
999 _c77200
_d77200